| 000 | 00680nam a2200229Ia 4500 | ||
|---|---|---|---|
| 005 | 20250508164634.0 | ||
| 008 | 008 250505s9999 xx 000 0 eng d | ||
| 020 | _a978-1-4129-1601-1 | ||
| 037 | _aReference | ||
| 040 |
_aFEDL _beng _cFEDL |
||
| 041 |
_aeng _2eng |
||
| 084 |
_a371.9, NIE/RR _qFEDL |
||
| 100 |
_aNielsen Lee Brattland _9778698 |
||
| 245 | 0 | _aBrief reference of student disabilities: With strategies for the classroom | |
| 250 | _a2 | ||
| 260 |
_aThousand Oaks, Calfornia _bCorwin Press _c2009 |
||
| 300 | _aix,261p. | ||
| 365 |
_aUSD _b36.95 |
||
| 650 | _aSpecial education | ||
| 942 |
_cREF _h371.9, NIE/RR |
||
| 999 |
_c1390275 _d1390275 |
||